5HLuxD.jpg

KING HENRY VIII SENIOR AND PRIMARY SCHOOL LIBRARY OPAC

The top 100 dreams : (Record no. 5828)

000 -LEADER
fixed length control field 01699pam a2200265 a 4500
001 - CONTROL NUMBER
control field 015758538
003 - CONTROL NUMBER IDENTIFIER
control field Uk
005 - DATE AND TIME OF LATEST TRANSACTION
control field 20251118101905.0
008 - FIXED-LENGTH DATA ELEMENTS--GENERAL INFORMATION
fixed length control field 110214s2011 enk 000|0 eng|d
020 ## - INTERNATIONAL STANDARD BOOK NUMBER
International Standard Book Number 9781848503281 (pbk.)
040 ## - CATALOGING SOURCE
Original cataloging agency StDuBDS
Language of cataloging eng
Transcribing agency StDuBDS
Modifying agency Uk
-- KH8
042 ## - AUTHENTICATION CODE
Authentication code ukblcatcopy
082 04 - DEWEY DECIMAL CLASSIFICATION NUMBER
Classification number 154.63 WAL
Edition number 22
100 1# - MAIN ENTRY--PERSONAL NAME
Personal name Wallace, Ian,
Relator term author.
245 14 - TITLE STATEMENT
Title The top 100 dreams :
Remainder of title the dreams that we all have and what they really mean /
Statement of responsibility, etc. Ian Wallace.
260 ## - PUBLICATION, DISTRIBUTION, ETC.
Place of publication, distribution, etc. London :
Name of publisher, distributor, etc. Hay House,
Date of publication, distribution, etc. c2011.
300 ## - PHYSICAL DESCRIPTION
Extent xv, 262 p. ;
Dimensions 22 cm.
336 ## - CONTENT TYPE
Content type term text
Source rdacontent
337 ## - MEDIA TYPE
Media type term unmediated
Source rdamedia
338 ## - CARRIER TYPE
Carrier type term volume
Source rdacarrier
520 ## - SUMMARY, ETC.
Summary, etc. We all dream, but our dreams often seem to be bizarre and confusing experiences that make little sense to us, no matter how much we try to analyze them. The key to understanding our dreams is looking beyond individual symbols and being able to see the bigger picture in the stories that we choose to create every night. There are 100 of these dream themes that are consistently reported by dreamers everywhere in the world, regardless of country or culture. These top 100 dreams appear again and again because they reflect fundamental life patterns. By recognizing them, you<br/><br/>will begin to achieve a much deeper understanding of your dreams and yourself. This book describes the 100-most common dreams; it explains why you dream them and suggests how you can use them to help you realize your most cherished hopes and aspirations in everyday life. Each dream is methodically interpreted and linked to a perfectly explained real-life situation.
650 #0 - SUBJECT ADDED ENTRY--TOPICAL TERM
Topical term or geographic name entry element Dreams.
650 #0 - SUBJECT ADDED ENTRY--TOPICAL TERM
Topical term or geographic name entry element Dream interpretation.
942 ## - ADDED ENTRY ELEMENTS (KOHA)
Source of classification or shelving scheme
Koha item type Books - Non Ficton
Holdings
Withdrawn status Lost status Source of classification or shelving scheme Damaged status Not for loan Collection code Permanent Location Current Location Shelving location Date acquired Full call number Barcode Date last seen Price effective from Koha item type
          Non-Fiction KH8 Senior School Library KH8 Senior School Library Non Fiction 2025-11-18 154.63 WAL 3KHSL000102520 2025-11-18 2025-11-18 Books - Non Ficton

Powered By KH8 IT Dept